| 000 | 01031 a2200169 4500 | ||
|---|---|---|---|
| 003 | Nust | ||
| 005 | 20230808144148.0 | ||
| 040 | _cNust | ||
| 082 | _a623.8202,VER | ||
| 100 |
_aVerney, Michael _9114037 |
||
| 245 |
_aComplete amateur boat buildings in wood, glass fiber and metal / _cMichael Verney |
||
| 260 |
_aLondon _bJohn Murray _c1967 |
||
| 300 | _a309 p. | ||
| 505 | _aDesigns, Drawings And Lofting (Page-1), Timber And Fastenings (Page-21), Tools, Steaming, Glutting And Caulking (Page-37), A Hard Chine Runabout (Page-57), Building The G.P. 14 Sailing Dinghy (Page-82), Building A Clinker Pram Dinghy (Page-100), Round Bilge Construction (Page-121), Planking (Page-148), Decking And Deck Framing (Page-179), Glass Fiber Construction (Page-198), Cold Moulded Hulls (Page-216), Grown Frame Boats (Page-238), Marine Engineering (Page-264), Electrical Systems (Page-283), Stock Designs (Page-289), Information About Timber (Page-291). | ||
| 650 |
_aComplete Amateur boat buildings _9114038 |
||
| 942 |
_2ddc _cBK _k623.8202,VER |
||
| 999 |
_c183581 _d183581 |
||